LEADER 02475nam 2200673Ia 450 001 9910974604303321 005 20200520144314.0 010 $a9780674265974 010 $a0674265971 010 $a9780674040816 010 $a0674040813 024 7 $a10.4159/9780674040816 035 $a(CKB)1000000000786899 035 $a(StDuBDS)AH23050798 035 $a(SSID)ssj0000203260 035 $a(PQKBManifestationID)11183231 035 $a(PQKBTitleCode)TC0000203260 035 $a(PQKBWorkID)10259586 035 $a(PQKB)10566568 035 $a(Au-PeEL)EBL3300227 035 $a(CaPaEBR)ebr10314236 035 $a(OCoLC)923109108 035 $a(DE-B1597)574410 035 $a(DE-B1597)9780674040816 035 $a(MiAaPQ)EBC3300227 035 $a(OCoLC)1262307949 035 $a(Perlego)1148430 035 $a(EXLCZ)991000000000786899 100 $a20040405d2004 uy 0 101 0 $aeng 135 $aur||||||||||| 181 $ctxt 182 $cc 183 $acr 200 10$aMindsight $eimage, dream, meaning /$fColin McGinn 205 $a1st ed. 210 $aCambridge, MA $cHarvard University Press$dc2004 215 $a1 online resource (vi, 209 p.) 300 $aOriginally published: 2004. 311 08$a9780674015609 311 08$a0674015606 311 08$a9780674022478 311 08$a0674022475 320 $aIncludes bibliographical references (p. [199]-201) and index. 327 $tFrontmatter -- $tPreface -- $tContents -- $tIntroduction -- $t1 Images and Percepts -- $t2 The Mind?s Eye -- $t3 Imaginative Seeing -- $t4 The Space of Imagery -- $t5 The Picture Theory of Images -- $t6 What Are Dreams? -- $t7 Dream Belief -- $t8 Delusion -- $t9 The Imagination of the Child -- $t10 Cognitive Imagination -- $t11 Negation -- $t12 Meaning -- $t13 The Imagination Spectrum -- $tNotes -- $tBibliography -- $tIndex 330 $aHow to imagine the imagination is a topic that draws philosophers the way flowers draw honeybees. The guiding thread of this text is the distinction Colin McGinn draws between perception and imagination. 606 $aImagination (Philosophy) 606 $aPhilosophy 615 0$aImagination (Philosophy) 615 0$aPhilosophy. 676 $a128.3 700 $aMcGinn$b Colin$f1950-$0881057 801 0$bMiAaPQ 801 1$bMiAaPQ 801 2$bMiAaPQ 906 $aBOOK 912 $a9910974604303321 996 $aMindsight$94364367 997 $aUNINA